Départements français ayant le plus de communes sans églises - Statistiques

Statistiques générales
  • Ce quiz a été pris 117 fois
  • Le résultat moyen est 8 sur 11
Statistiques - réponses
Nombre de communes sans églises Département % Correct
22 Moselle
83%
95 Jura
82%
14 Haut-Rhin
81%
57 Vosges
81%
95 Doubs
79%
85 Haute-Saône
74%
14 Saône-et-Loire
73%
15 Côte-d'Or
72%
16 Aube
63%
33 Territoire de Belfort
62%
24 Eure
51%
Aucun quiz correspondant
Distribution des résultats
% des personnes avec chaque résultat
Percentile par nombre de réponses
Votre historique - résultats
Vous n’avez pas pris ce quiz